000 00648nam a2200229Ia 4500
001 13265
003 GE_BSU
008 181216s||||||||xx |||||||||||||| ||und||
040 _cGE_BSU
080 _a632.95(035)
100 _aМельников,Н.Н.
245 _aХимические средства защиты (Пестициды)
245 _bСправочник
245 _cРед.О.И.Слуцкий
260 _aМосква
260 _bХимия
260 _c1980
300 _a287стр.20см.
300 _cБиблиогр.с.278-279
653 _aХимические средства защиты
942 _cBK
999 _c46427
_d46427